German Exonyms for European Cities - Statistics

General Stats
  • This quiz has been taken 68 times
  • The average score is 50 of 77
Answer Stats
Hint Answer % Correct
Brüssel Brussels
97%
Athen Athens
95%
Prag Prague
95%
Rom Rome
95%
Kopenhagen Copenhagen
93%
Kiew Kyiv
93%
Neapel Naples
93%
Warschau Warsaw
93%
Belgrad Belgrade
92%
Bukarest Bucharest
92%
Florenz Florence
92%
Danzig Gdańsk
92%
Krakau Kraków
92%
Lissabon Lisbon
92%
Moskau Moscow
92%
Sankt Petersburg St. Petersburg
92%
Brügge Bruges
90%
Genua Genoa
90%
Luxemburg Luxembourg
90%
Nikosia Nicosia
90%
Den Haag The Hague
90%
Korinth Corinth
88%
Königsberg Kaliningrad
88%
Sewastopol Sevastopol
88%
Straßburg Strasbourg
88%
Venedig Venice
88%
Splitt Split
85%
Teneriffa Tenerife
85%
Triest Trieste
85%
Antorff Antwerp
83%
Nizza Nice
83%
Theben Thebes
81%
Saragossa Zaragoza
80%
Dünkirchen Dunkirk
78%
Wilna Vilnius
78%
Kischinau Chișinău
76%
Kattowitz Katowice
75%
Stettin Szczecin
71%
Breslau Wrocław
71%
Troja Troy
69%
Mailand Milan
68%
Preßburg Bratislava
66%
Pilsen Plzeň
66%
Posen Poznań
66%
Brünn Brno
64%
Genf Geneva
64%
Lemberg Lviv
64%
Debrezin Debrecen
61%
Ostende Ostend
61%
Lüttich Liège
58%
Mülhausen Mulhouse
54%
Arnheim Arnhem
53%
Kolmar Colmar
51%
Laibach Ljubljana
51%
Nanzig Nancy
49%
Reval Tallinn
49%
Memel Klaipėda
47%
Ostrau Ostrava
47%
Tarent Taranto
47%
Löwen Leuven
39%
Kauen Kaunas
37%
Agram Zagreb
37%
Röwne Rivne
32%
Kalen Calais
31%
Bromberg Bydgoszcz
29%
Olmütz Olomouc
29%
Winniza Vinnytsia
27%
Neuenberg Neuchâtel
25%
Fünfkirchen Pécs
25%
Dorpat Tartu
25%
Sankt Veit am Flaum Rijeka
22%
Stansislau Ivano-Frankivsk
20%
Reichenberg Liberec
20%
Budweis České Budějovice
19%
Polei Pula
17%
Esegg Osijek
15%
Karlstadt Karlovac
7%
No matching quizzes found
Score Distribution
Percent of People with Each Score
Percentile by Number Answered
Your Score History
You have not taken this quiz